000 00305nam a22001457a 4500
008 230921b ||||| |||| 00| 0 eng d
020 _a0520056515
041 _aeng
080 _a521
082 _a521BUR
100 _a19
101 _aASTRO
245 _aCOSMIC DEBRIS
_cBURKE .G.J
942 _2udc
_cBK
999 _c60383
_d60383